Places To Study

There are group study rooms, individual study carrels, computer labs, and other spaces to study in the Libraries.

Reserve A Group Room

Online Resources

Access thousands of eBooks, audiobooks, and online journals from the comfort of your home.

Explore Resources

Events and Workshops

Join our upcoming events and workshops to enhance your skills and knowledge.

View Events

အီတာလျံသွားမှတ်တမ်း / (Record no. 2701)

MARC details
000 -LEADER
fixed length control field 01010nam a22002057a 4500
003 - CONTROL NUMBER IDENTIFIER
control field OSt
005 - DATE AND TIME OF LATEST TRANSACTION
control field 20251214162048.0
008 - FIXED-LENGTH DATA ELEMENTS--GENERAL INFORMATION
fixed length control field 251214b |||||||| |||| 00| 0 eng d
040 ## - CATALOGING SOURCE
Transcribing agency DCL
082 ## - DEWEY DECIMAL CLASSIFICATION NUMBER
Classification number ၉၁၄.၅
100 0# - MAIN ENTRY--PERSONAL NAME
Personal name ခြိမ့်၊
Titles and words associated with a name ဦး။
245 10 - TITLE STATEMENT
Title အီတာလျံသွားမှတ်တမ်း /
Statement of responsibility, etc. ဦးခြိမ့်။
264 ## - PRODUCTION, PUBLICATION, DISTRIBUTION, MANUFACTURE, AND COPYRIGHT NOTICE
Place of production, publication, distribution, manufacture မန္တလေး ၊
Name of producer, publisher, distributor, manufacturer ထီးပေါင်းကားစာပေတိုက်၊
Date of production, publication, distribution, manufacture, or copyright notice ၂၀၂၄။
300 ## - PHYSICAL DESCRIPTION
Extent ၁၈၃ စာမျက်နှာ ၊
Dimensions ၂၁ စင်တီ။
650 ## - SUBJECT ADDED ENTRY--TOPICAL TERM
Topical term or geographic name entry element ခရီးသွားမှတ်တမ်း
Chronological subdivision အီတာလျံ
650 ## - SUBJECT ADDED ENTRY--TOPICAL TERM
Topical term or geographic name entry element ခရီးသွားမှတ်တမ်း
Chronological subdivision အီတလီ
650 ## - SUBJECT ADDED ENTRY--TOPICAL TERM
Topical term or geographic name entry element ခရီးသွားမှတ်တမ်း
Chronological subdivision စပိန်
651 ## - SUBJECT ADDED ENTRY--GEOGRAPHIC NAME
Geographic name ဘင်္ဂလားဒေ့ရှ်
General subdivision ဒေသန္တရနှင့်ခရီးသွား။
942 ## - ADDED ENTRY ELEMENTS (KOHA)
Source of classification or shelving scheme Dewey Decimal Classification
Koha item type Short Term
Suppress in OPAC No
Holdings
Withdrawn status Lost status Source of classification or shelving scheme Damaged status Not for loan Collection Accession No. Home library Current library Shelving location Date acquired Total checkouts Full call number Barcode Date last seen Price effective from Koha item type
    Dewey Decimal Classification     Myanmar Collection ၄၂ Dhammadhara Dhammadhara Myanmar Shelves 14/12/2025   ၉၁၄.၅ ခြိမ့် ၄၂ MB00000042 14/12/2025 14/12/2025 Short Term